Statistiques concernant Paroles - Mauvaise foi nocturne 1/2

Cliquez ici pour prendre le quiz!

Statistiques générales

  • Ce quiz a été pris 87 fois
  • Le résultat moyen est 275 sur 499

Statistiques - réponses

ChanteurParoles% Correct
a,
100%
a
100%
à
100%
a ?
100%
ce
98%
VitooC'est
98%
c'est
98%
VitooFatal,
96%
VitooFatal
96%
ma
94%
m'a
94%
Ma
94%
moi
94%
moi,
94%
moi ?
94%
ou
94%
pas
94%
pas,
94%
que
94%
la
92%
92%
La
92%
là ?
92%
92%
le
92%
Ta
92%
ta
92%
t'a
92%
Vitoo,
92%
Vitoo
92%
Vitoo?
92%
ça
90%
FatalCa
90%
de
90%
Elle
90%
elle
90%
J'ai
90%
je
90%
VitooJe
90%
me
88%
ouais
88%
FatalOuais
88%
qui
88%
faut
87%
Faut
87%
"Tu
87%
Tu
87%
tu
87%
as
85%
par
85%
J'te
83%
j'te
83%
passé
83%
mais
81%
Fatal | VitooMais
81%
va
81%
ouvre
79%
sais
79%
soir
79%
toi?
79%
toi ?
79%
toi
79%
est
77%
meuf
77%
mon
77%
doute
75%
parle
75%
bon
73%
fait
73%
boire
71%
chou
71%
crème"
71%
non
71%
VitooNon,
71%
non,
71%
PIN
69%
Qu'est-ce
69%
qu'est-ce
69%
t'en
69%
T'en
69%
bonne,
67%
des
67%
jure
67%
soirée
67%
dit :
65%
dit
65%
p'tit
65%
qu'tu
65%
ton
65%
trop
65%
un
65%
conne
63%
t'aime
63%
si
62%
avec
60%
les
60%
peur
60%
rien,
60%
rien
60%
t'as
60%
T'as
60%
s'en
58%
bien
56%
Bien,
56%
paniques
56%
s'doute
56%
une
56%
confiance
54%
sens
54%
y
54%
Qu'a
52%
tonnes
52%
assieds-toi
50%
autre
50%
femme,
50%
frère
50%
mes
50%
règne,
50%
son
50%
sur
50%
sûr
50%
trois
50%
trois ?
50%
trois,
50%
cas
48%
cool,
48%
gueule,
48%
gueule
48%
mardi
48%
même
48%
l'air
46%
niques
46%
Qu'elle
46%
qu'elle
46%
répondeur
46%
arrête,
44%
bizarre
44%
Denis,
44%
ouvre-moi
44%
preuve
44%
tes
44%
T'es
44%
t'es
44%
casser
42%
devenue
42%
fais
42%
infiltré
42%
pute
42%
qu'il
42%
code
40%
l'hôtel
40%
tous
40%
Tous
40%
tout
40%
vas-y
40%
Vas-y
40%
prévu
38%
suivre
38%
devient
37%
d'heure
37%
et
37%
FatalEt
37%
j'la
37%
messages
37%
FatalChange
35%
nuits,
35%
quarts
35%
zarbi
35%
chié
33%
d'la
33%
dors
33%
quoi
33%
quoi ?
33%
vu
33%
BM,
31%
BM
31%
dans
31%
deux
31%
tellement
31%
toute
31%
vrai
31%
FatalBen
29%
Toutes
29%
Alors
27%
alors
27%
plans
27%
Putain,
27%
putain,
27%
bah
25%
Bah
25%
d'elle,
25%
En
25%
en
25%
checke
23%
côté
23%
l'angoisse,
23%
lui
23%
plaque
23%
du
21%
d'vient
21%
mère
21%
arrivé
19%
cauchemar
19%
dis-moi,
19%
mienne
19%
pétasses
19%
autres
17%
nanas
17%
banquette
15%
cinq
15%
VitooExcuse-moi
15%
j'sais
15%
pour
15%
queutard
15%
sept
15%
VitooAh
13%
ah
13%
bizarres,
13%
dis-lui
13%
fois
13%
ken
13%
chienne
12%
comme
12%
crois
12%
kiffes
12%
plus
12%
rayé
12%
trucs
12%
caisse ?
10%
cette
10%
ferme
10%
fruits
10%
FatalOk,
10%
on
10%
python
10%
s'te
10%
tape
10%
FatalVoilà,
10%
voilà,
10%
ans,
8%
bobards
8%
calme-toi
8%
crevé
8%
dire
8%
d'mer
8%
fille
8%
j'assume
8%
J'aurais
8%
j'y
8%
l'cocktail
8%
l'slibard,
8%
morte
8%
plait
8%
qu'avec
8%
Thérésa,
8%
4L
6%
claque
6%
Comment
6%
gros
6%
j'l'avais
6%
justement,
6%
n'coucher
6%
parce
6%
Parce
6%
pourquoi
6%
Pourquoi
6%
qu'16
6%
string,
6%
tenter
6%
tête
6%
c'était
4%
clefs,
4%
coup
4%
dégage
4%
donne-moi
4%
Donne-moi
4%
étais
4%
était
4%
FatalEuh
4%
fête
4%
gars
4%
j't'ai
4%
m'la
4%
pété
4%
pète
4%
prise
4%
tendue
4%
boite
2%
chez
2%
c'qu'elle
2%
foutait
2%
gants
2%
gerbe
2%
VitooJ'osais
2%
j'sortais
2%
l'savais
2%
parles,
2%
pénards
2%
sortie
2%
sortir
2%
FatalT'osais
2%
t'prends
2%
violence
2%
abusé
0%
assumer
0%
empruntée,
0%
FatalEnfin
0%
VitooJ'voulais
0%
rembourser,
0%

Distribution des résultats

Percentile par nombre de réponses

% des personnes avec chaque résultat

Votre développement - résultats

Vous n’avez pas pris ce quiz